| 000 | 00479nam a2200193Ia 4500 | ||
|---|---|---|---|
| 003 | OSt | ||
| 005 | 20251111114539.0 | ||
| 008 | 250729s2005 xx 000 0 und d | ||
| 020 | _a978-8121908832 | ||
| 040 | _cAL | ||
| 041 | _aeng | ||
| 082 | _a372.8 DART | ||
| 100 |
_aDara S S _9224203 |
||
| 245 | _a Textbook of environment chemistry & pollution control | ||
| 260 |
_aNew Delhi _c2005 |
||
| 300 | _a402p | ||
| 650 |
_aEnvironmentEducation _9224204 |
||
| 942 |
_2ddc _cBED |
||
| 999 |
_c236294 _d236294 |
||